000 01058nam a22002537a 4500
005 20240530110616.0
008 161130s2014 ua ak g b 000 0dara d
017 _a2014/3637
_bمصر . دار الكتب المصرية
020 _a9789777220507
040 _aEG-CaGPL
082 0 4 _221
_a519.5\
_bع أ
100 0 _aعبد الله عامر الهمالي
245 1 2 _aالاساليب الاحصائية الوصفية والاستدلالية في تحاليل البيانات /
_cعبد الله عامر الهمالي
250 _aط. 1
260 _aالقاهرة :
_bالمجموعة العربية للتدريب والنشر ،
_c2014.
300 _a665 ص. :
_bجداول ، اشكال ؛
_c24 سم +
_eملاحق .
504 _aببليوجرافية : ص 663 - 664
650 0 7 _2qrmak
_aالاحصاء
650 0 7 _2qrmak
_aالاهداف الاحصائية
650 0 7 _2qrmak
_aالطرق الاحصائية
650 0 7 _2qrmak
_aالاحصاء الوصفي
942 _2ddc
_cBK
999 _c62964
_d62964